LEADER 00889nam a2200253 i 4500 001 991002793459707536 005 20020503173454.0 008 000704s1983 al ||| | eng 035 $ab10415634-39ule_inst 035 $aEXGIL109942$9ExL 040 $aBiblioteca Interfacoltà$bita 082 0 $a581 100 1 $aDemiri, Mustafa$0468202 245 10$aFlora ekskursioniste e Shqiperise /$cMustafa Demiri 260 $aTirane :$bMihal Duri,$c1983 300 $a985 p. :$bill. ;$c27 cm. 650 4$aBotanica - Albania 650 4$aPiante - Classificazioni 907 $a.b10415634$b02-04-14$c27-06-02 912 $a991002793459707536 945 $aLE002 Scien. I D 28$g1$i2002000491527$lle002$o-$pE0.00$q-$rl$s- $t0$u0$v0$w0$x0$y.i10483937$z27-06-02 996 $aFlora ekskursioniste e Shqiperise$9218811 997 $aUNISALENTO 998 $ale002$b01-01-00$cm$da $e-$feng$gxx $h0$i1